Culture G commençant par O - Statistiques

Statistiques générales
  • Ce quiz a été pris 226 fois
  • Le résultat moyen est 14 sur 30
Statistiques - réponses
Hint Réponse % Correct
Hormis l'oxygène quel autre élément du tableau périodique commence par O Osmium / Oganesson / Or
98%
Organe spécifique de la vision Œil
89%
Il n'est pas conseillé de pousser mamie dedans, ou qui que se soit d'ailleurs Ortie
89%
44ème président américain Barack Obama
87%
Fleuve, ville, et fruit Orange
86%
Hormis le Brunei quel autre pays est un sultanat Oman
79%
Personnage de fiction créé par René Goscinny et Albert Uderzo Obélix
77%
Capitale de la Mongolie Oulan-Bator
77%
Pays dont la capitale est situé sur le lac Victoria Ouganda
71%
Dans une BD il y en a souvent pour caractériser un bruit Onomatopée
69%
Autre nom de la pieuvre Octopus / Octopode
61%
Plage du débarquement Omaha Beach
61%
Adjectif dédié à un attaquant Offensif
59%
Alliance de deux mots contradictoires Oxymore
56%
Spécialiste qui étudie les oiseaux Ornithologue
55%
Fleuve russe + symbole 3.14 = Ruminant d'Afrique Okapi
52%
Marque de pétanque connue a Marseille Obut
42%
Français qui a gagné le Grand prix de Hongrie en f1 en 2021 Esteban Ocon
40%
Acteur jouant Tom Delorme dans camping Paradis Laurent Ournac
40%
Professeur pas apprécié dans Harry Potter, fixant des interdictions a tout va Dolores Ombrage
36%
Drogue augmentant les performances sportives Opium
36%
Préfecture japonaise ou archipel japonais Okayama / Oita / Okinawa
35%
Seul pilote portugais a avoir gagné un grand prix moto Miguel Oliveira
8%
Variété d’agate à couches colorées Onyx
8%
Capitale de Aruba (Pays-Bas) Oranjestad
8%
Lorsque la rumeur devient vraie Officiel
7%
Gentilé d'un canton suisse Obwaldien
3%
Inventeur de la méthode toyotiste évitant la surproduction, visant a réduire les couts et a diminuer les délais Taiichi Ohno
1%
Aventure galante, idylle, ébats amoureux Oaristys
0%
Épreuve en positif tirée sur du papier sensibilisé Ozalid
0%
Aucun quiz correspondant
Distribution des résultats
% des personnes avec chaque résultat
Percentile par nombre de réponses
Votre historique - résultats
Vous n’avez pas pris ce quiz